The beekeeper / directed by David Ayer ; produced by Bill Block, Jason Statham, David Ayer, Chris Long, Kurt Wimmer ; written by Kurt Wimmer. (Record no. 20941)

000 -LEADER
fixed length control field 01463nam a22002897a 4500
008 - FIXED-LENGTH DATA ELEMENTS--GENERAL INFORMATION
fixed length control field 250528b xxu||||| |||| 00| 0 eng d
040 ## - CATALOGING SOURCE
Original cataloging agency Cagayan State University
Description conventions RDA
082 ## - DEWEY DECIMAL CLASSIFICATION NUMBER
Classification number 791.4372
Item number B4148 2024
245 ## - TITLE STATEMENT
Title The beekeeper / directed by David Ayer ; produced by Bill Block, Jason Statham, David Ayer, Chris Long, Kurt Wimmer ; written by Kurt Wimmer.
260 ## - PUBLICATION, DISTRIBUTION, ETC. (IMPRINT)
Place of publication, distribution, etc United Kingdom ;
-- United States :
Name of publisher, distributor, etc Amazon MGM Studios,
Date of publication, distribution, etc 2024.
300 ## - PHYSICAL DESCRIPTION
Extent 1 videofile, (ca. 105 mins.) :
Other physical details sound, color.
520 ## - SUMMARY, ETC.
Summary, etc Adam Clay is a beekeeper, but someone very important to him is scammed and driven to harm. However, what these power and money hungry scammers don't know, is that Clay is an agent in a classified program called Beekeepers, and they underestimate how much of a threat he is. Adam sets out on a quest of vengeance, where he hunts and kills those responsible for the incident.
521 ## - TARGET AUDIENCE NOTE
Target audience note Rated R for strong violence throughout, pervasive language, some sexual references and drug use.
650 ## - SUBJECT ADDED ENTRY--TOPICAL TERM
Topical term or geographic name as entry element Action.
650 ## - SUBJECT ADDED ENTRY--TOPICAL TERM
Topical term or geographic name as entry element Crime.
650 ## - SUBJECT ADDED ENTRY--TOPICAL TERM
Topical term or geographic name as entry element Thriller.
700 ## - ADDED ENTRY--PERSONAL NAME
Personal name Statham, Jason, star.
700 ## - ADDED ENTRY--PERSONAL NAME
Personal name Raver-Lampman, Emmy, star.
700 ## - ADDED ENTRY--PERSONAL NAME
Personal name Hutcherson, Josh, star.
700 ## - ADDED ENTRY--PERSONAL NAME
Personal name Naderi, Bobby, star.
700 ## - ADDED ENTRY--PERSONAL NAME
Personal name Driver, Minnie, star.
700 ## - ADDED ENTRY--PERSONAL NAME
Personal name Rashad, Phylicia, star.
700 ## - ADDED ENTRY--PERSONAL NAME
Personal name Irons, Jeremy, star.
700 ## - ADDED ENTRY--PERSONAL NAME
Personal name Beristain, Gabriel, cinematographer.
700 ## - ADDED ENTRY--PERSONAL NAME
Personal name O'Brien, Geoffrey, editor.
942 ## - ADDED ENTRY ELEMENTS (KOHA)
Source of classification or shelving scheme
Item type Audio-Visual Materials
Holdings
Source of acquisition Price effective from Permanent location Date last seen Not for loan Date acquired Source of classification or shelving scheme Koha item type Collection code Shelving location Damaged status Lost status Withdrawn status Current location Full call number
Donation2025-05-28Cagayan State University - Carig Library2025-05-28 2025-05-28 Audio-Visual MaterialsElectronic Media CenterElectronic Media Center   Cagayan State University - Carig Library791.4372 B4148 2024

Cagayan State University University Library, Carig Campus
Tuguegarao City, Cagayan 3500 | www.csucarig.edu.ph

Powered by Koha